[Event "Amager Aabne Klubmesterskab 2012"]
[Site "Sundbyoster"]
[Date "2012.01.10"]
[Round "1"]
[White "Andersen, Ole Bo"]
[Black "Jensen, Jonbert"]
[Result "1-0"]
[WhiteElo "2053"]
[BlackElo "1402"]
[PlyCount "45"]
[EventDate "2012.??.??"]

1. d4 Nf6 2. c4 g6 3. Nc3 Bg7 4. e4 d6 5. f4 Bg4 6. Qb3 b6 7. Be3 c5 8. d5 Na6
9. Qb5+ Bd7 10. Qxa6 O-O 11. Qa3 Ng4 12. Bd2 e5 13. Nf3 f5 14. h3 Nf6 15. fxe5
dxe5 16. O-O-O Nxe4 17. Nxe4 fxe4 18. Ng5 Qe7 19. Nxe4 Qh4 20. Qe3 Bf5 21. Bd3
Bxe4 22. Qxe4 Rf2 23. Qxh4 1-0

[Event "Amager Aabne Klubmesterskab 2012"]
[Site "Sundbyoster"]
[Date "2012.01.10"]
[Round "1"]
[White "Emborg, Jens"]
[Black "Petersen, Christian Skibsted"]
[Result "0-1"]
[WhiteElo "1476"]
[BlackElo "1600"]
[PlyCount "58"]
[EventDate "2012.??.??"]

1. e4 e5 2. Nf3 Nc6 3. Nc3 d6 4. d4 Bg4 5. Be2 Bxf3 6. Bxf3 Nxd4 7. Be3 Nxf3+
8. gxf3 Qd7 9. Qd5 c6 10. Qb3 Ne7 11. O-O-O f5 12. f4 Ng6 13. exf5 Nxf4 14.
Bxf4 exf4 15. Rhe1+ Be7 16. Rd4 O-O-O 17. Re6 d5 18. a4 Rhf8 19. a5 Rxf5 20.
Re1 Bc5 21. Ra4 Bxf2 22. Rf1 Be3+ 23. Kb1 Rdf8 24. Ne2 g5 25. c4 dxc4 26. Rxc4
Rxa5 27. Rd1 Qf5+ 28. Qc2 Qxc2+ 29. Kxc2 Rd8 0-1

[Event "Amager Aabne Klubmesterskab 2012"]
[Site "Sundbyoster"]
[Date "2012.01.10"]
[Round "1"]
[White "Gade, Jens"]
[Black "Brorsen, Jacob Abildlund"]
[Result "0-1"]
[WhiteElo "1474"]
[BlackElo "2101"]
[PlyCount "50"]
[EventDate "2012.??.??"]

1. f4 d5 2. e3 Nf6 3. Nf3 g6 4. d3 Bg7 5. Be2 O-O 6. O-O c5 7. h3 Nc6 8. Nbd2
Re8 9. Rb1 Qc7 10. Nb3 b6 11. a3 a5 12. c4 dxc4 13. dxc4 Bf5 14. Ra1 Rad8 15.
Qe1 e5 16. fxe5 Nxe5 17. Nbd2 Nd3 18. Bxd3 Rxd3 19. Qd1 Qg3 20. Qe1 Qd6 21. Qh4
Rdxe3 22. Re1 Rxe1+ 23. Nxe1 g5 24. Qf2 Ng4 25. hxg4 Bd4 0-1

[Event "Amager Aabne Klubmesterskab 2012"]
[Site "Sundbyoster"]
[Date "2012.01.10"]
[Round "1"]
[White "Kinch, Peder"]
[Black "Madsen, Palle S"]
[Result "0-1"]
[WhiteElo "1191"]
[BlackElo "1771"]
[PlyCount "52"]
[EventDate "2012.??.??"]

1. f4 e5 2. fxe5 Nc6 3. Nf3 g5 4. g3 g4 5. Nh4 Nxe5 6. d3 Ng6 7. Ng2 d5 8. Nc3
d4 9. Ne4 f5 10. Bg5 Be7 11. Bxe7 Qxe7 12. Nf2 Nf6 13. Qd2 Be6 14. c4 O-O 15.
O-O-O b5 16. b3 bxc4 17. dxc4 c5 18. Ne1 Ne4 19. Nxe4 fxe4 20. Bg2 Bf5 21. e3
Rad8 22. exd4 cxd4 23. Nc2 e3 24. Qb4 Bxc2 25. Qxe7 Nxe7 26. Kxc2 Rf2+ 0-1

[Event "Amager Aabne Klubmesterskab 2012"]
[Site "Sundbyoster"]
[Date "2012.01.10"]
[Round "1"]
[White "Larsen, Kim"]
[Black "Foss, Kim"]
[Result "1/2-1/2"]
[WhiteElo "1609"]
[BlackElo "1472"]
[PlyCount "59"]
[EventDate "2012.??.??"]

1. d4 Nf6 2. Bf4 d6 3. Nf3 Bg4 4. e3 g6 5. Be2 Bg7 6. Nc3 Nbd7 7. h3 Bxf3 8.
Bxf3 c6 9. Qd2 Qa5 10. h4 h5 11. Qe2 e5 12. dxe5 Nxe5 13. e4 O-O-O 14. Bd2 Qc7
15. O-O-O Rhe8 16. Bg5 Rd7 17. Bxf6 Bxf6 18. g4 Nxf3 19. Qxf3 hxg4 20. Qxg4
Bxc3 21. bxc3 Kb8 22. Rhe1 Red8 23. Qg3 Qa5 24. Kb2 Qb5+ 25. Ka1 Kc8 26. f4 Qh5
27. Rd3 Rh8 28. Rh1 f6 29. Rh3 Re8 30. Qg2 1/2-1/2

[Event "Amager Aabne Klubmesterskab 2012"]
[Site "Sundbyoster"]
[Date "2012.01.10"]
[Round "1"]
[White "Larsen, Ulrik Jejlskov"]
[Black "Jensen, Thore Nyboe"]
[Result "1/2-1/2"]
[WhiteElo "1544"]
[BlackElo "1990"]
[PlyCount "91"]
[EventDate "2012.??.??"]

1. d4 Nf6 2. Nf3 b6 3. e3 Bb7 4. Bd3 c5 5. Nbd2 Nc6 6. O-O e6 7. c3 cxd4 8.
exd4 Be7 9. Qe2 Nd5 10. Ne4 Qc7 11. g3 h6 12. a3 f5 13. Ned2 Nf6 14. Re1 O-O-O
15. Ba6 g5 16. b4 Rhg8 17. Bxb7+ Kxb7 18. a4 g4 19. Ne5 Nxe5 20. dxe5 Nd5 21.
a5 Nxc3 22. Qd3 d5 23. axb6 axb6 24. Bb2 d4 25. Bxc3 dxc3 26. Qa6+ Kc6 27. Rac1
Kd7 28. Nc4 Bg5 29. Rxc3 Ke7 30. Qxb6 Rc8 31. Qb5 Bd2 32. Rec1 Bxc3 33. Rxc3
Rgd8 34. Qa6 Rd4 35. Nd6 Rd1+ 36. Kg2 Qxc3 37. Nxc8+ Kf7 38. Qb7+ Kg6 39. Ne7+
Kg5 40. h4+ gxh3+ 41. Kxh3 Re1 42. f4+ Kh5 43. Qg2 Re3 44. Kh2 Kg4 45. Qh3+ Kf3
46. Qg2+ 1/2-1/2

[Event "Amager Aabne Klubmesterskab 2012"]
[Site "Sundbyoster"]
[Date "2012.01.10"]
[Round "1"]
[White "Nielsen, Bjorn"]
[Black "Hansen, Benny"]
[Result "0-1"]
[WhiteElo "1080"]
[BlackElo "1479"]
[PlyCount "122"]
[EventDate "2012.??.??"]

1. e4 c5 2. Nf3 d6 3. Nc3 Nf6 4. Bb5+ Nc6 5. O-O Bd7 6. Bxc6 Bxc6 7. Re1 g6 8.
d4 cxd4 9. Nxd4 Bg7 10. e5 dxe5 11. Nxc6 bxc6 12. Qxd8+ Rxd8 13. Ne4 Nxe4 14.
f3 Ng5 15. Bxg5 h6 16. Bc1 O-O 17. Rb1 Rd5 18. b3 Rfd8 19. Ba3 Bf6 20. Bb2 Kg7
21. Kf1 e6 22. Bc3 Rc5 23. Re3 Bg5 24. f4 Bxf4 25. Rh3 h5 26. Ke2 f5 27. Rd1
Rxd1 28. Kxd1 Kf7 29. Bd2 Rd5 30. Rd3 Bxd2 31. Rxd5 exd5 32. Kxd2 a5 33. a4 c5
34. c3 Ke6 35. Ke3 f4+ 36. Kf3 Kf5 37. Ke2 e4 38. Kd2 Ke5 39. b4 cxb4 40. cxb4
axb4 41. a5 Kd6 42. a6 Kc6 43. a7 Kb7 44. a8=Q+ Kxa8 45. Kc2 d4 46. Kb3 f3 47.
gxf3 exf3 48. Kxb4 f2 49. Kc4 f1=Q+ 50. Kxd4 Qf4+ 51. Kd5 Qxh2 52. Ke4 Qf2 53.
Ke5 h4 54. Ke4 h3 55. Ke5 h2 56. Kd5 h1=R 57. Ke4 Re1+ 58. Kd3 Qf4 59. Kc3 Re3+
60. Kd2 Qf2+ 61. Kd1 Re1# 0-1

[Event "Amager Aabne Klubmesterskab 2012"]
[Site "Sundbyoster"]
[Date "2012.01.10"]
[Round "1"]
[White "Nielsen, Mogens Bach"]
[Black "Tronning, Mark Philip"]
[Result "1-0"]
[WhiteElo "1812"]
[BlackElo "1351"]
[PlyCount "41"]
[EventDate "2012.??.??"]

1. c4 e5 2. Nc3 Nc6 3. g3 d6 4. Bg2 Bd7 5. e3 Nf6 6. Nge2 Rb8 7. d4 exd4 8.
exd4 Ne7 9. O-O Ng6 10. Re1 Be7 11. Nf4 Nxf4 12. Bxf4 O-O 13. h3 a6 14. a4 Re8
15. b4 Qc8 16. Kh2 Bf8 17. Bg5 Rxe1 18. Qxe1 d5 19. Bxf6 gxf6 20. Nxd5 Bg7 21.
Ne7+ 1-0

[Event "Amager Aabne Klubmesterskab 2012"]
[Site "Sundbyoster"]
[Date "2012.01.10"]
[Round "1"]
[White "Petersen, Nils"]
[Black "Ree, Morten"]
[Result "1-0"]
[WhiteElo "1873"]
[BlackElo "1736"]
[PlyCount "77"]
[EventDate "2012.??.??"]

1. c4 d6 2. g3 g6 3. Bg2 Bg7 4. Nc3 e5 5. e4 Nc6 6. Nge2 Nge7 7. d3 O-O 8. O-O
f5 9. Nd5 Be6 10. Be3 h6 11. Qd2 Kh7 12. Rac1 Nd4 13. Bxd4 Bxd5 14. cxd5 exd4
15. Nf4 Qd7 16. Ne6 Rfc8 17. Nxg7 Kxg7 18. b4 Qb5 19. Rfe1 a5 20. a3 axb4 21.
axb4 c5 22. bxc5 dxc5 23. e5 Qd7 24. d6 Ng8 25. Rb1 Ra7 26. Rb6 Qe6 27. f4 Kf8
28. Rxb7 Rxb7 29. Bxb7 Rb8 30. Ba6 h5 31. Bc4 Qd7 32. Qg2 Nh6 33. Qd5 Qg7 34.
Qxc5 Ng4 35. Qxd4 g5 36. d7 Rd8 37. Qd6+ Qe7 38. Qg6 Rxd7 39. Qg8# 1-0

[Event "Amager Aabne Klubmesterskab 2012"]
[Site "Sundbyoster"]
[Date "2012.01.10"]
[Round "1"]
[White "Svensson, John Michael"]
[Black "Nielsen, Jens Holm"]
[Result "0-1"]
[WhiteElo "1468"]
[BlackElo "1748"]
[PlyCount "48"]
[EventDate "2012.??.??"]

1. Nf3 d5 2. d4 c6 3. e3 a6 4. c4 b5 5. c5 Nd7 6. Be2 Qc7 7. Qc2 e5 8. O-O Ngf6
9. h3 e4 10. Nh2 Be7 11. Nd2 Nf8 12. f3 Qg3 13. Ng4 Nxg4 14. hxg4 h5 15. Rf2
Bh4 16. Nxe4 dxe4 17. Bd1 Qxf2+ 18. Qxf2 Bxf2+ 19. Kxf2 hxg4 20. fxe4 Rh1 21.
Bb3 Ne6 22. d5 Nxc5 23. Bc2 cxd5 24. exd5 f5 0-1

[Event "Amager Aabne Klubmesterskab 2012"]
[Site "Sundbyoster"]
[Date "2012.01.10"]
[Round "1"]
[White "Vandborg, Soren"]
[Black "Lontoft, Sven"]
[Result "0-1"]
[WhiteElo "1400"]
[BlackElo "1693"]
[PlyCount "58"]
[EventDate "2012.??.??"]

1. Nf3 Nf6 2. d4 d5 3. c4 dxc4 4. Qa4+ Nc6 5. e3 Bd7 6. Qxc4 e6 7. Bd3 Nb4 8.
a3 Nxd3+ 9. Qxd3 c5 10. O-O cxd4 11. e4 Qb6 12. Nbd2 Bb5 13. Nc4 Bxc4 14. Qxc4
Nxe4 15. Nxd4 Rd8 16. Qb5+ Qxb5 17. Nxb5 Bc5 18. Nc7+ Ke7 19. Be3 Bxe3 20. fxe3
Rd2 21. Rf4 Nd6 22. b4 Rc8 23. Rc1 Kd7 24. Rd4 Rxd4 25. exd4 Rxc7 26. Rxc7+
Kxc7 27. Kf2 Nb5 28. a4 Nxd4 29. g4 Kd6 0-1

[Event "Amager Aabne Klubmesterskab 2012"]
[Site "Sundbyoster"]
[Date "2012.01.10"]
[Round "1"]
[White "Wieth Klitgaard, Peter"]
[Black "Lunding, Peter M"]
[Result "1/2-1/2"]
[WhiteElo "2028"]
[BlackElo "1945"]
[PlyCount "26"]
[EventDate "2012.??.??"]

1. c4 c6 2. e4 e6 3. Nc3 d5 4. cxd5 exd5 5. exd5 cxd5 6. Bb5+ Nc6 7. Qa4 Nge7
8. Nf3 Bd7 9. O-O a6 10. Bxc6 Bxc6 11. Qd4 f6 12. Re1 Qd7 13. b4 Kf7 1/2-1/2

[Event "Amager Aabne Klubmesterskab 2012"]
[Site "Sundbyoster"]
[Date "2012.03.13"]
[Round "2"]
[White "Foss, Kim"]
[Black "Lontoft, Sven"]
[Result "0-1"]
[WhiteElo "1472"]
[BlackElo "1693"]
[PlyCount "72"]
[EventDate "2012.??.??"]

1. Nf3 d5 2. c4 Nf6 3. cxd5 Qxd5 4. Nc3 Qa5 5. g3 Bf5 6. Bg2 c6 7. Qb3 Qc7 8.
O-O Nbd7 9. d3 e5 10. Bg5 Nc5 11. Qc2 Be7 12. Rad1 Rd8 13. b4 Ne6 14. a3 O-O
15. Rfe1 h6 16. Bc1 Rd7 17. Bb2 Nd4 18. Nxd4 exd4 19. Ne4 Bxe4 20. Bxe4 Nxe4
21. dxe4 Rfd8 22. Rd3 b6 23. Rc1 c5 24. e3 dxe3 25. Rxe3 Rd2 26. Qb3 Qd7 27.
bxc5 Bxc5 28. Rf3 Re2 29. e5 Qd5 30. Qxd5 Rxd5 31. Kf1 Rdd2 32. h4 Rxb2 33. Rd3
Rxf2+ 34. Ke1 Rh2 35. Rf3 Rh1+ 36. Rf1 Bf2+ 0-1

[Event "Amager Aabne Klubmesterskab 2012"]
[Site "Sundbyoster"]
[Date "2012.01.24"]
[Round "2"]
[White "Gade, Jens"]
[Black "Emborg, Jens"]
[Result "1-0"]
[WhiteElo "1474"]
[BlackElo "1476"]
[PlyCount "69"]
[EventDate "2012.??.??"]

1. f4 Nf6 2. e3 Nc6 3. Nf3 d6 4. Be2 e5 5. fxe5 dxe5 6. Bb5 Qd6 7. O-O Bg4 8.
Qe1 O-O-O 9. Bxc6 Qxc6 10. Nxe5 Qe6 11. Nf3 Bc5 12. Nc3 h5 13. d4 Be7 14. Bd2
Ne4 15. Ne5 Nxd2 16. Qxd2 f6 17. Ng6 Rh6 18. Nf4 Qf7 19. a4 h4 20. a5 h3 21. g3
Bd7 22. e4 Qg8 23. Qe3 Re8 24. Na4 Bd6 25. b3 Bc6 26. Nc3 g5 27. Nd3 Qg6 28. d5
Bd7 29. Qxa7 c6 30. a6 b5 31. Qb7+ Kd8 32. dxc6 Bc8 33. Qxb5 Rxe4 34. a7 Re3
35. Qb6+ 1-0

[Event "Amager Aabne Klubmesterskab 2012"]
[Site "Sundbyoster"]
[Date "2012.01.24"]
[Round "2"]
[White "Jensen, Jonbert"]
[Black "Svensson, John Michael"]
[Result "1/2-1/2"]
[WhiteElo "1402"]
[BlackElo "1468"]
[PlyCount "81"]
[EventDate "2012.??.??"]

1. e4 d6 2. d4 Nf6 3. Nc3 g6 4. Bd3 Bg7 5. Bg5 Nbd7 6. Nge2 O-O 7. Qd2 b6 8. h4
h5 9. f3 c5 10. d5 Ne5 11. f4 Nxd3+ 12. Qxd3 Bg4 13. f5 Nd7 14. Qd2 Ne5 15. b3
Qd7 16. Bh6 b5 17. Ng3 b4 18. Na4 Kh7 19. Bxg7 Kxg7 20. Nb2 a5 21. Nd3 a4 22.
O-O axb3 23. Nxe5 dxe5 24. cxb3 Qd6 25. fxg6 fxg6 26. Rxf8 Rxf8 27. Qe3 Rc8 28.
Rc1 Rc7 29. Qf2 e6 30. dxe6 Bxe6 31. Nf1 Qd4 32. Nd2 Bg4 33. Nf3 Bxf3 34. gxf3
Kf6 35. Kg2 Ke6 36. Rc4 Qd6 37. Rc1 Qe7 38. Kf1 Qd6 39. Qe2 Kf6 40. Qe3 Qd4 41.
Qe2 1/2-1/2

[Event "Amager Aabne Klubmesterskab 2012"]
[Site "Sundbyoster"]
[Date "2012.01.24"]
[Round "2"]
[White "Jensen, Thore Nyboe"]
[Black "Wieth Klitgaard, Peter"]
[Result "0-1"]
[WhiteElo "1990"]
[BlackElo "2028"]
[PlyCount "36"]
[EventDate "2012.??.??"]

1. f4 d6 2. Nf3 Nf6 3. Nc3 g6 4. e4 Bg7 5. d4 O-O 6. Bd3 a6 7. O-O Bg4 8. Qe1
Bxf3 9. Rxf3 e5 10. fxe5 dxe5 11. d5 c6 12. Qf2 cxd5 13. Bg5 dxe4 14. Bxf6 Bxf6
15. Nxe4 Bg7 16. Rxf7 Rxf7 17. Bc4 Qc7 18. Nd6 Qxc4 0-1

[Event "Amager Aabne Klubmesterskab 2012"]
[Site "Sundbyoster"]
[Date "2012.01.24"]
[Round "2"]
[White "Lunding, Peter M"]
[Black "Larsen, Kim"]
[Result "1/2-1/2"]
[WhiteElo "1945"]
[BlackElo "1609"]
[PlyCount "63"]
[EventDate "2012.??.??"]

1. d4 d5 2. Nf3 g6 3. g3 Bg7 4. Bg2 Nf6 5. O-O O-O 6. c3 c6 7. Ne5 Bf5 8. Nd2
Nbd7 9. Ndf3 Be4 10. Nd3 b6 11. h3 Rc8 12. Be3 Qc7 13. Rc1 Rfe8 14. b3 Qb7 15.
Qd2 Kh8 16. Bh6 Ng8 17. Bxg7+ Kxg7 18. Qf4 Ndf6 19. Nfe5 Bxg2 20. Kxg2 e6 21.
g4 Qc7 22. b4 Ne4 23. c4 f6 24. cxd5 fxe5 25. Qxe4 exd5 26. Qe3 e4 27. Ne5 Qd6
28. f4 exf3+ 29. Qxf3 Rf8 30. Qg3 Rxf1 31. Rxf1 Rf8 32. Rxf8 1/2-1/2

[Event "Amager Aabne Klubmesterskab 2012"]
[Site "Sundbyoster"]
[Date "2012.01.24"]
[Round "2"]
[White "Madsen, Palle S"]
[Black "Petersen, Steffen"]
[Result "0-1"]
[WhiteElo "1771"]
[BlackElo "1693"]
[PlyCount "90"]
[EventDate "2012.??.??"]

1. d4 Nf6 2. Nc3 d5 3. e4 e6 4. e5 Nfd7 5. Nf3 c5 6. Bb5 a6 7. Bxd7+ Bxd7 8.
O-O cxd4 9. Nxd4 Nc6 10. Nxc6 Bxc6 11. Be3 Qh4 12. Qd4 Be7 13. Qxh4 Bxh4 14. a4
Be7 15. Ne2 O-O 16. c3 f6 17. exf6 gxf6 18. f4 Kf7 19. b4 Rg8 20. Nd4 h5 21.
Nxc6 bxc6 22. a5 Rg4 23. Ra2 Rag8 24. Rff2 Bd6 25. Kf1 Ke7 26. Rae2 Kd7 27. h3
Rg3 28. Ke1 Rc8 29. Rf3 Rxf3 30. gxf3 c5 31. f5 e5 32. b5 axb5 33. Rg2 d4 34.
Rg7+ Be7 35. cxd4 exd4 36. Bf4 Ra8 37. Bc7 b4 38. Bb6 Kd6 39. Kd2 Bd8 40. Rg8
Kd7 41. Kd3 b3 42. Rg7+ Kc6 43. Rg8 c4+ 44. Kxc4 b2 45. Rxd8 Rxd8 0-1

[Event "Amager Aabne Klubmesterskab 2012"]
[Site "Sundbyoster"]
[Date "2012.01.24"]
[Round "2"]
[White "Nielsen, Bjorn"]
[Black "Larsen, Ulrik Jejlskov"]
[Result "0-1"]
[WhiteElo "1080"]
[BlackElo "1544"]
[PlyCount "56"]
[EventDate "2012.??.??"]

1. e4 d5 2. exd5 Qxd5 3. Nc3 Qa5 4. Bc4 Nf6 5. Nf3 c6 6. O-O Bf5 7. Bb3 e6 8.
Re1 Bd6 9. d3 Nbd7 10. Bd2 Qc7 11. Ne2 h6 12. Ng3 Bxg3 13. fxg3 g5 14. Bc3 Rh7
15. Nd4 O-O-O 16. Nf3 g4 17. Ne5 h5 18. Qe2 h4 19. gxh4 Rxh4 20. g3 Rh7 21.
Nxd7 Nxd7 22. Bd2 Rdh8 23. Be3 Ne5 24. Kh1 Nf3 25. Bg1 Qxg3 26. Qg2 Rxh2+ 27.
Bxh2 Rxh2+ 28. Qxh2 Qxh2# 0-1

[Event "Amager Aabne Klubmesterskab 2012"]
[Site "Sundbyoster"]
[Date "2012.01.24"]
[Round "2"]
[White "Petersen, Christian Skibsted"]
[Black "Hansen, Benny"]
[Result "1-0"]
[WhiteElo "1600"]
[BlackElo "1479"]
[PlyCount "59"]
[EventDate "2012.??.??"]

1. e4 c5 2. Nc3 d6 3. Bc4 Nf6 4. d3 e6 5. Bg5 Be7 6. f4 Nc6 7. Nf3 a6 8. a3 O-O
9. O-O b5 10. Bb3 Ng4 11. Bxe7 Qxe7 12. Qe1 Qf6 13. h3 Nh6 14. g4 Qxf4 15. Nd4
Nxd4 16. Rxf4 Nxb3 17. cxb3 f6 18. Qe3 Nf7 19. h4 Bb7 20. Raf1 Rad8 21. g5 fxg5
22. hxg5 Ne5 23. Rxf8+ Rxf8 24. Rxf8+ Kxf8 25. Kf1 Ke7 26. d4 Nd7 27. e5 cxd4
28. exd6+ Kxd6 29. Qxd4+ Ke7 30. Qxg7+ 1-0

[Event "Amager Aabne Klubmesterskab 2012"]
[Site "Sundbyoster"]
[Date "2012.01.24"]
[Round "2"]
[White "Ree, Morten"]
[Black "Kinch, Peder"]
[Result "1-0"]
[WhiteElo "1736"]
[BlackElo "1191"]
[PlyCount "65"]
[EventDate "2012.??.??"]

1. Nf3 b6 2. g3 Bb7 3. Bg2 d6 4. d4 g6 5. c4 Bg7 6. Nc3 Nd7 7. O-O Ngf6 8. Re1
O-O 9. e4 e5 10. d5 Bc8 11. a3 a5 12. Rb1 Ne8 13. Be3 f5 14. Qd2 Ndf6 15. h3
Nh5 16. Bg5 Bf6 17. b4 Bxg5 18. Qxg5 Qxg5 19. Nxg5 f4 20. g4 Nhg7 21. c5 axb4
22. axb4 Ra3 23. Nb5 Rd3 24. Bf1 Rd2 25. Nf3 Ra2 26. Rec1 Bd7 27. cxd6 Bxb5 28.
Bxb5 Nxd6 29. Bd3 Rc8 30. Nxe5 Nge8 31. Nc6 Kf7 32. e5 Ra3 33. exd6 1-0

[Event "Amager Aabne Klubmesterskab 2012"]
[Site "Sundbyoster"]
[Date "2012.02.07"]
[Round "3"]
[White "Andersen, Ole Bo"]
[Black "Nielsen, Jens Holm"]
[Result "0-1"]
[WhiteElo "2053"]
[BlackElo "1748"]
[PlyCount "60"]
[EventDate "2012.??.??"]

1. d4 d5 2. c4 c6 3. Nf3 Nf6 4. Nc3 a6 5. a4 a5 6. cxd5 Nxd5 7. e4 Nb4 8. Bc4
e6 9. O-O Be7 10. Bf4 O-O 11. Qe2 Bd6 12. Bxd6 Qxd6 13. e5 Qe7 14. Ne4 Nd7 15.
Nfg5 h6 16. Qh5 Nd5 17. f4 f5 18. exf6 N7xf6 19. Nxf6+ Qxf6 20. Nf3 Ne3 21.
Rfc1 Nxc4 22. Rxc4 Qxf4 23. Qe5 Qxe5 24. dxe5 Rd8 25. Re4 Rd5 26. Rc1 Bd7 27.
Kf2 b6 28. Rc3 Rd8 29. Ke3 Be8 30. b3 Bh5 0-1

[Event "Amager Aabne Klubmesterskab 2012"]
[Site "Sundbyoster"]
[Date "2012.02.07"]
[Round "3"]
[White "Brorsen, Jacob Abildlund"]
[Black "Petersen, Steffen"]
[Result "1-0"]
[WhiteElo "2101"]
[BlackElo "1693"]
[PlyCount "157"]
[EventDate "2012.??.??"]

1. d4 Nf6 2. c4 e5 3. dxe5 Ng4 4. Bf4 Nc6 5. Nf3 Bb4+ 6. Nbd2 Qe7 7. e3 Ngxe5
8. Be2 O-O 9. O-O Bxd2 10. Qxd2 d6 11. Nd4 Nxd4 12. exd4 Ng6 13. Bg3 f5 14. f3
f4 15. Bf2 Qg5 16. Kh1 Nh4 17. Rg1 Qh5 18. d5 Rf6 19. Bd4 Rf7 20. g4 Qg5 21.
Qc2 Bd7 22. Raf1 Re8 23. Bd1 b6 24. b4 a6 25. Qd3 Rfe7 26. Bc2 Ng6 27. Rf2 b5
28. c5 Re1 29. Rgf1 Qe7 30. Kg2 Qh4 31. Rxe1 Rxe1 32. Qd2 Qe7 33. Bxg6 hxg6 34.
Qxf4 Re2 35. h3 Be8 36. cxd6 Rxf2+ 37. Bxf2 Qxd6 38. Bg3 Qxd5 39. Qxc7 Qxa2+
40. Bf2 Qf7 41. Qc8 Qe7 42. Bc5 Qe2+ 43. Kg3 g5 44. Qxa6 Qe1+ 45. Kg2 Qd2+ 46.
Bf2 Qxb4 47. Qe6+ Bf7 48. Qe5 Qd2 49. Qxb5 Kh7 50. Qf5+ Kg8 51. Qe5 Qd5 52.
Qxd5 Bxd5 53. Be3 Kf7 54. Bxg5 g6 55. Kg3 Ke6 56. Bd2 Bc6 57. Bc3 Be8 58. Kf4
Bc6 59. Kg5 Kf7 60. f4 Be4 61. h4 Bc2 62. h5 gxh5 63. Kxh5 Bg6+ 64. Kg5 Bd3 65.
f5 Be2 66. Kf4 Bd1 67. g5 Bh5 68. Ke4 Bd1 69. g6+ Kg8 70. Bf6 Kf8 71. Ke5 Bc2
72. Kf4 Kg8 73. Kg5 Bb3 74. Bc3 Bc2 75. Kf6 Bb1 76. Bd2 Bc2 77. Bh6 Bb1 78. Kg5
Ba2 79. f6 1-0

[Event "Amager Aabne Klubmesterskab 2012"]
[Site "Sundbyoster"]
[Date "2012.02.07"]
[Round "3"]
[White "Emborg, Jens"]
[Black "Jensen, Jonbert"]
[Result "1/2-1/2"]
[WhiteElo "1476"]
[BlackElo "1402"]
[PlyCount "174"]
[EventDate "2012.??.??"]

1. e4 d6 2. Nc3 Nf6 3. d4 g6 4. Nf3 Bg7 5. Bc4 O-O 6. Bb3 b6 7. Be3 Bb7 8. d5
c5 9. O-O Nbd7 10. Nd2 Ne5 11. f3 Nh5 12. Nc4 Ba6 13. Nxe5 Bxf1 14. Nc6 Qc7 15.
Qxf1 a6 16. a4 Rfe8 17. Rb1 Nf6 18. Bd2 Nd7 19. Bc4 e6 20. b4 exd5 21. exd5 Ne5
22. Nxe5 Bxe5 23. Ne2 cxb4 24. Bb3 Qc5+ 25. Kh1 a5 26. Bf4 Bxf4 27. Nxf4 Re7
28. Re1 Rae8 29. Rxe7 Rxe7 30. Nd3 Qd4 31. h3 Qe3 32. Qg1 Qg5 33. Qxb6 Re2 34.
Qg1 Kf8 35. Qf1 Qd2 36. Qg1 Qg5 37. Nf2 f5 38. Nd3 Qd2 39. Qf1 Qe3 40. Kh2 Kg7
41. Qg1 Qd2 42. Qd4+ Kh6 43. Qf4+ Qxf4+ 44. Nxf4 Re7 45. Ne6 g5 46. Kg1 Kg6 47.
Kf2 h5 48. Ke2 g4 49. f4 h4 50. hxg4 fxg4 51. Bc4 Re8 52. Bd3+ Kf6 53. Kf2 Rc8
54. Nd4 Rc3 55. Nb5 Rc5 56. Nxd6 Rxd5 57. Ne4+ Kg7 58. Ke3 Rh5 59. Nf2 g3 60.
Nh3 Rh8 61. Bc4 Kf6 62. Kf3 Kf5 63. Bd3+ Kf6 64. Kg4 Rd8 65. Be4 Rd4 66. Ng5 h3
67. Kxh3 Rxe4 68. Nxe4+ Kf5 69. Nxg3+ Kxf4 70. Nh5+ Ke3 71. g4 Kd2 72. g5 Kxc2
73. g6 b3 74. g7 Kb1 75. g8=Q b2 76. Qd5 Ka1 77. Qxa5 b1=Q 78. Qc3+ Ka2 79.
Qd2+ Ka1 80. Qc3+ Ka2 81. Qc4+ Ka1 82. Qc3+ Ka2 83. Ng3 Qh7+ 84. Kg2 Qb7+ 85.
Qf3 Qb4 86. Qe2+ Ka3 87. Qc2 Qxa4 1/2-1/2

[Event "Amager Aabne Klubmesterskab 2012"]
[Site "Sundbyoster"]
[Date "2012.02.07"]
[Round "3"]
[White "Hansen, Benny"]
[Black "Madsen, Palle S"]
[Result "0-1"]
[WhiteElo "1479"]
[BlackElo "1771"]
[PlyCount "78"]
[EventDate "2012.??.??"]

1. d4 d5 2. Nf3 f5 3. Bf4 c6 4. e3 Nf6 5. Nbd2 e6 6. Bd3 Bd6 7. Be5 b5 8. a3
O-O 9. c3 Ne4 10. Bc2 a5 11. Nxe4 fxe4 12. Bxd6 Qxd6 13. Ne5 Nd7 14. Qh5 Ba6
15. b4 Rf5 16. Qh3 Nxe5 17. f4 Nd3+ 18. Bxd3 exd3 19. Kd2 a4 20. g4 Rff8 21.
Raf1 Rae8 22. Qh5 Qe7 23. h4 Bc8 24. g5 Qf7 25. Qf3 Qf5 26. Qg2 Qe4 27. Qh2 Kf7
28. h5 Ke7 29. f5 Rxf5 30. Rxf5 exf5 31. Rf1 Kd8 32. Qd6+ Bd7 33. Qb8+ Ke7 34.
Qg3 Qe6 35. g6 h6 36. Qh4+ Qf6 37. Qxf6+ Kxf6 38. Rg1 Re4 39. Kxd3 Rh4 0-1

[Event "Amager Aabne Klubmesterskab 2012"]
[Site "Sundbyoster"]
[Date "2012.02.07"]
[Round "3"]
[White "Lontoft, Sven"]
[Black "Brorsen, Kristian"]
[Result "1-0"]
[WhiteElo "1693"]
[BlackElo "1263"]
[PlyCount "55"]
[EventDate "2012.??.??"]

1. c4 e5 2. Nc3 Nf6 3. g3 Bc5 4. Bg2 O-O 5. e3 d6 6. Nge2 c6 7. O-O Re8 8. d4
exd4 9. exd4 Bb6 10. Re1 Bg4 11. Be3 Na6 12. Qd2 Ba5 13. a3 Ne4 14. Qc2 d5 15.
b4 Nxc3 16. Nxc3 Bc7 17. cxd5 cxd5 18. Bxd5 Qc8 19. Rac1 Bf5 20. Qb3 Be6 21. b5
Nb8 22. Bd2 Bb6 23. Bxe6 Rxe6 24. Rxe6 fxe6 25. Nd5 Qd7 26. Rc8+ Bd8 27. Rc5
exd5 28. Rxd5 1-0

[Event "Amager Aabne Klubmesterskab 2012"]
[Site "Sundbyoster"]
[Date "2012.02.07"]
[Round "3"]
[White "Larsen, Kim"]
[Black "Gade, Jens"]
[Result "0-1"]
[WhiteElo "1609"]
[BlackElo "1474"]
[PlyCount "36"]
[EventDate "2012.??.??"]

1. d4 d5 2. Nf3 Nf6 3. Bf4 e6 4. e3 Be7 5. c4 O-O 6. Nc3 c5 7. cxd5 cxd4 8.
Nxd4 Nxd5 9. Nxd5 Qxd5 10. Nc2 Qa5+ 11. Qd2 Qxd2+ 12. Kxd2 Rd8+ 13. Ke1 Nc6 14.
Rd1 e5 15. Bg3 Bf5 16. Rc1 Rac8 17. Bc4 b5 18. Bxf7+ Kxf7 0-1

[Event "Amager Aabne Klubmesterskab 2012"]
[Site "Sundbyoster"]
[Date "2012.02.07"]
[Round "3"]
[White "Larsen, Ulrik Jejlskov"]
[Black "Wieth Klitgaard, Peter"]
[Result "1/2-1/2"]
[WhiteElo "1544"]
[BlackElo "2028"]
[PlyCount "74"]
[EventDate "2012.??.??"]

1. d4 e6 2. Nf3 f5 3. Bg5 Be7 4. Bxe7 Qxe7 5. e3 Nf6 6. Nbd2 b6 7. Bd3 Bb7 8.
Qe2 Ne4 9. c3 d6 10. Bb5+ Nd7 11. Ba6 Bxa6 12. Qxa6 O-O 13. O-O g5 14. g3 Ndf6
15. Nxe4 Nxe4 16. Qe2 Kh8 17. Kh1 Rf6 18. Nd2 Nxd2 19. Qxd2 f4 20. exf4 gxf4
21. gxf4 Raf8 22. d5 Rxf4 23. dxe6 Qxe6 24. Rae1 Qg4 25. Qe2 Qf5 26. Qd2 Rg8
27. Rg1 Rxg1+ 28. Kxg1 Qg4+ 29. Kf1 Qh3+ 30. Ke2 Qxh2 31. Kd1 Qxf2 32. Re2 Qg1+
33. Kc2 Qg6+ 34. Kc1 Rf1+ 35. Re1 Qg1 36. Rxf1 Qxf1+ 37. Kc2 Qf5+ 1/2-1/2

[Event "Amager Aabne Klubmesterskab 2012"]
[Site "Sundbyoster"]
[Date "2012.02.07"]
[Round "3"]
[White "Lunding, Peter M"]
[Black "Foss, Kim"]
[Result "1/2-1/2"]
[WhiteElo "1945"]
[BlackElo "1472"]
[PlyCount "49"]
[EventDate "2012.??.??"]

1. d4 e6 2. c4 Nf6 3. Nc3 c5 4. Nf3 cxd4 5. Nxd4 Nc6 6. e3 Be7 7. Be2 O-O 8.
O-O a6 9. a3 b6 10. b3 Bb7 11. Bf3 Qc7 12. Bb2 Rfd8 13. Nxc6 Bxc6 14. Rc1 Qb7
15. Bxc6 dxc6 16. Qe2 Rd7 17. Rfd1 Rad8 18. Rxd7 Rxd7 19. Rd1 b5 20. Rxd7 Qxd7
21. f3 Ne8 22. cxb5 cxb5 23. Ne4 f5 24. Nf2 Bf6 25. Bxf6 1/2-1/2